[Event "Aeroflot Open B 2017"]
[Site "Moscow RUS"]
[Date "2017.02.26"]
[Round "6.9"]
[White "Ofitserian, Boris"]
[Black "Atabayev, Maksat"]
[Result "1/2-1/2"]
[WhiteTitle "FM"]
[BlackTitle "GM"]
[WhiteElo "2365"]
[BlackElo "2492"]
[WhiteFideId "24199443"]
[BlackFideId "14001101"]
[EventDate "2017.02.21"]

1. d4 Nf6 2. Nf3 d6 3. g3 Nbd7 4. Bg2 e5 5. c4 Be7 6. Nc3 O-O 7. O-O c6 8. e4
Re8 9. Re1 Bf8 10. h3 a6 11. a4 a5 12. Be3 exd4 13. Nxd4 Nc5 14. Qc2 g6 15. Rad1
Qb6 16. Kh2 Bd7 17. f4 Rad8 18. Bf2 Qb4 19. b3 Qb6 20. Bf3 Qc7 21. Rd2 Bc8 22.
Rde2 Nfd7 23. Bg2 Na6 24. Rd2 Nb4 25. Qd1 Nc5 26. Nf3 b6 27. Nd4 Bb7 28. Kg1 Bg7
29. g4 d5 30. cxd5 Qxf4 31. Nde2 Qb8 32. Nd4 cxd5 33. exd5 Rxe1+ 34. Bxe1 Bh6
35. Re2 Nxd5 36. Nxd5 Bxd5 37. Nf5 gxf5 38. Bxd5 Ne6 39. Rxe6 fxe6 40. Bxe6+ Kf8
41. Qf3 f4 42. Qe4 Rd1 1/2-1/2

[Event "Aeroflot Open B 2017"]
[Site "Moscow RUS"]
[Date "2017.02.26"]
[Round "6.10"]
[White "Gasanov, Eldar"]
[Black "Nihal, Sarin"]
[Result "0-1"]
[WhiteTitle "GM"]
[BlackTitle "FM"]
[WhiteElo "2479"]
[BlackElo "2386"]
[WhiteFideId "14104466"]
[BlackFideId "25092340"]
[EventDate "2017.02.21"]

1. d4 Nf6 2. Nf3 e6 3. g3 d5 4. Bg2 Be7 5. c4 O-O 6. Qc2 c5 7. O-O cxd4 8. Nxd4
e5 9. Nf5 d4 10. Nxe7+ Qxe7 11. b4 Rd8 12. c5 Nc6 13. a3 e4 14. Bg5 d3 15. exd3
Nd4 16. Qd1 exd3 17. Nd2 Ne2+ 18. Kh1 Bg4 19. Qe1 Rd4 20. Qb1 Rad8 21. Qb2 Be6
22. Be3 R4d7 23. Bg5 Bd5 24. f3 Qe6 25. Rae1 h6 26. Bf4 Re8 27. Bd6 h5 28. Nb1
h4 29. gxh4 Ng4 30. Nc3 Ne3 31. Rg1 Qf6 32. Na4 Qxh4 33. Rxe2 dxe2 34. Qxe2 Rdd8
35. Bg3 Qh5 36. Qf2 Bc6 37. b5 Bxb5 38. Nc3 Bc6 39. Ne4 Nxg2 40. Qxg2 Qxf3 0-1

[Event "Aeroflot Open B 2017"]
[Site "Moscow RUS"]
[Date "2017.02.26"]
[Round "6.11"]
[White "Kjartansson, Gudmundur"]
[Black "Dvalishvili, Pavel S."]
[Result "1/2-1/2"]
[WhiteTitle "IM"]
[BlackTitle "IM"]
[WhiteElo "2464"]
[BlackElo "2420"]
[WhiteFideId "2301318"]
[BlackFideId "4121996"]
[EventDate "2017.02.21"]

1. d4 Nf6 2. c4 e6 3. Nf3 b6 4. g3 Ba6 5. Qc2 Bb7 6. Bg2 c5 7. O-O cxd4 8. Nxd4
Bxg2 9. Kxg2 Be7 10. Rd1 O-O 11. e4 Qc7 12. Bf4 Qb7 13. Nc3 Rc8 14. Qe2 a6 15.
Nf3 Bb4 16. Bxb8 Raxb8 17. e5 Bxc3 18. bxc3 Ne4 19. Rd4 Ng5 20. Rad1 Rc7 21.
R1d3 Rbc8 22. h4 Nxf3 23. Rxf3 h6 24. Rf4 Rf8 25. g4 b5 26. cxb5 axb5 27. Kh2
Qc8 28. Qxb5 Rxc3 29. Rxc3 Qxc3 30. a4 g5 31. Re4 f5 32. Qc4 Qf3 33. Re2 fxg4
34. hxg5 hxg5 35. Qe4 Qxe4 36. Rxe4 Rxf2+ 37. Kg3 Rd2 38. Kxg4 Kf7 39. Kxg5 Ke7
40. Kf4 d6 1/2-1/2

[Event "Aeroflot Open B 2017"]
[Site "Moscow RUS"]
[Date "2017.02.26"]
[Round "6.12"]
[White "Lavrik, Dmitry"]
[Black "Oganian, Miran"]
[Result "1/2-1/2"]
[WhiteTitle "IM"]
[BlackTitle "IM"]
[WhiteElo "2414"]
[BlackElo "2452"]
[WhiteFideId "24113190"]
[BlackFideId "4122488"]
[EventDate "2017.02.21"]

1. d4 Nf6 2. c4 c5 3. d5 e6 4. Nc3 exd5 5. cxd5 d6 6. Nf3 g6 7. Bf4 a6 8. a4 Bg7
9. h3 O-O 10. e3 Re8 11. Nd2 Nbd7 12. Be2 Ne5 13. O-O Nfd7 14. Qc2 f5 15. a5 b5
16. axb6 Nxb6 17. Bxe5 Bxe5 18. Na4 Nxd5 19. Nc4 Nb4 20. Qd2 Be6 21. f4 Bxc4 22.
Bxc4+ d5 23. Nxc5 dxc4 24. Qxb4 Bf6 25. Qxc4+ Kh8 26. Rxa6 Rxa6 27. Qxa6 Bxb2
28. Nd3 Bg7 29. Rc1 Qe7 30. Qb6 Bf6 31. Kf1 Kg8 32. Rc7 Qxe3 33. Qxf6 Qxd3+ 34.
Kg1 Re1+ 35. Kh2 Rh1+ 36. Kxh1 Qf1+ 37. Kh2 Qxf4+ 38. Kh1 Qxc7 39. Kg1 Qf7 40.
Qe5 Qa7+ 41. Kh1 Qf7 42. Kg1 h6 43. Kh1 g5 44. Kg1 Kh7 45. Qd6 Kg7 46. Kh1 h5
47. Kg1 Qf6 48. Qd7+ Kh6 49. Qd5 f4 50. Kf1 g4 51. hxg4 hxg4 52. Kf2 Qb6+ 53.
Ke2 Qe3+ 54. Kf1 Kg6 55. Qg8+ Kh5 56. Qh8+ Kg5 57. Qg8+ Kf5 58. Qf8+ Ke4 59.
Qe8+ Kd3 60. Qd7+ Kc2 61. Qxg4 Qc1+ 62. Kf2 Qe3+ 63. Kf1 Kd2 64. Qd7+ 1/2-1/2

[Event "Aeroflot Open B 2017"]
[Site "Moscow RUS"]
[Date "2017.02.26"]
[Round "6.13"]
[White "Demidov, Mikhail"]
[Black "Abhishek, Kelkar"]
[Result "0-1"]
[WhiteTitle "IM"]
[BlackTitle "IM"]
[WhiteElo "2534"]
[BlackElo "2381"]
[WhiteFideId "4197143"]
[BlackFideId "5019257"]
[EventDate "2017.02.21"]

1. g3 Nf6 2. Bg2 g6 3. e4 d6 4. d4 Bg7 5. Ne2 O-O 6. O-O Nbd7 7. Nbc3 e5 8. dxe5
Nxe5 9. h3 Re8 10. Nd4 Bd7 11. Re1 c5 12. Ndb5 Re6 13. Bg5 a6 14. Na3 b5 15. f4
b4 16. fxe5 Rxe5 17. Bf4 Nh5 18. Nc4 bxc3 19. Bxe5 dxe5 20. bxc3 Nxg3 21. Qd3
Bb5 22. a4 Bxc4 23. Qxc4 Qg5 24. Rad1 Nh5 25. Rd7 Rf8 26. Qe2 Nf4 27. Qg4 Qf6
28. Bf1 h5 29. Qd1 c4 30. a5 Rc8 31. Qf3 Qc6 32. Red1 Qc5+ 33. Kh1 Qxa5 34. Qe3
Bf8 35. Qd2 Qc5 36. Rb1 Qc6 37. Rbb7 Qxe4+ 38. Kh2 Rd8 39. Rxd8 Qxb7 40. Qd6 Ne6
41. Rd7 Qf3 42. Qd1 Qf4+ 43. Kh1 Nc5 44. Rc7 Ne4 45. Qe1 Nd2 46. Bg2 e4 47. Rc8
Kg7 48. Qg1 Bd6 49. Re8 Be5 50. Re7 a5 51. Ra7 Nf3 52. Bxf3 exf3 53. Qf2 Qc1+
54. Qg1 Qxc2 55. Ra8 f2 0-1

[Event "Aeroflot Open B 2017"]
[Site "Moscow RUS"]
[Date "2017.02.26"]
[Round "6.14"]
[White "Duzhakov, Ilya"]
[Black "Yudin, Sergei"]
[Result "1/2-1/2"]
[WhiteTitle "FM"]
[BlackTitle "GM"]
[WhiteElo "2424"]
[BlackElo "2523"]
[WhiteFideId "4192516"]
[BlackFideId "4159659"]
[EventDate "2017.02.21"]

1. c4 e5 2. g3 Nc6 3. Bg2 g6 4. Nc3 Bg7 5. e3 d6 6. Nge2 h5 7. d4 h4 8. d5 Nce7
9. e4 h3 10. Bf1 f5 11. f3 Nf6 12. Bg5 fxe4 13. Nxe4 Nxe4 14. fxe4 Bg4 15. Qa4+
Qd7 16. Qxd7+ Kxd7 17. Nc3 Ng8 18. c5 Bh6 19. Bb5+ c6 20. dxc6+ bxc6 21. Bxh6
Nxh6 22. Be2 Bxe2 23. Kxe2 Rab8 24. b3 dxc5 25. Na4 c4 26. Rac1 Rhf8 27. Rxc4
Ng4 28. Nc5+ Ke7 29. Nd3 Rbd8 30. Rhc1 Rxd3 31. Kxd3 Rf3+ 32. Ke2 Rf2+ 33. Kd3
Rxh2 34. Rxc6 Rg2 35. Rxg6 Rxg3+ 36. Kd2 Rg2+ 37. Kc3 Kf7 38. Rg5 Kf6 39. Rg8
Kf7 40. Rg5 Kf6 41. Rg8 Kf7 42. Rg5 Kf6 43. Rg8 1/2-1/2

[Event "Aeroflot Open B 2017"]
[Site "Moscow RUS"]
[Date "2017.02.26"]
[Round "6.15"]
[White "Moiseenko, Vadim"]
[Black "Pustovoitova, Daria"]
[Result "1-0"]
[WhiteTitle "IM"]
[BlackTitle "FM"]
[WhiteElo "2508"]
[BlackElo "2407"]
[WhiteFideId "4123700"]
[BlackFideId "4182146"]
[EventDate "2017.02.21"]

1. d4 d5 2. c4 c6 3. Nf3 Nf6 4. e3 Bf5 5. Bd3 Bxd3 6. Qxd3 e6 7. Nc3 Bb4 8. O-O
O-O 9. Bd2 a5 10. Rab1 Nbd7 11. Rfc1 Qe7 12. a3 Bd6 13. Re1 dxc4 14. Qxc4 e5 15.
e4 Qd8 16. d5 Nb6 17. Qd3 Rc8 18. Bg5 h6 19. Bh4 cxd5 20. exd5 Nbd7 21. Ne4 Nc5
22. Nxc5 Rxc5 23. b4 axb4 24. axb4 e4 25. Bxf6 Qxf6 26. Qxe4 Rc7 27. Nd2 Rfc8
28. Qg4 Rc2 29. Ne4 Qe5 30. g3 R2c4 31. Qd7 Bf8 32. Nc5 Qc7 33. Qxc7 Rxc7 34.
Re8 Rd4 35. Ra1 Rxb4 36. d6 Rxc5 37. Rxf8+ 1-0

[Event "Aeroflot Open B 2017"]
[Site "Moscow RUS"]
[Date "2017.02.26"]
[Round "6.16"]
[White "Fakhrutdinov, Timur"]
[Black "Triapishko, Alexandr"]
[Result "0-1"]
[WhiteTitle "FM"]
[WhiteElo "2430"]
[BlackElo "2500"]
[WhiteFideId "24176702"]
[BlackFideId "14122286"]
[EventDate "2017.02.21"]

1. e4 c5 2. Nf3 Nc6 3. d4 cxd4 4. Nxd4 Qb6 5. Nb3 Nf6 6. Nc3 e6 7. Qe2 Bb4 8.
Bd2 O-O 9. a3 Be7 10. O-O-O d5 11. exd5 Nxd5 12. Nxd5 exd5 13. Be3 Qc7 14. g3
Be6 15. Bg2 Rad8 16. Rhe1 Bf6 17. Bc5 Na5 18. Nxa5 Qxc5 19. Nb3 Qb6 20. Qd2 Rc8
21. Qe3 d4 22. Nxd4 Rfd8 23. Nb3 Qxe3+ 24. Rxe3 Bxb2+ 25. Kxb2 Rxd1 26. Bxb7 Rb8
27. Ba6 Rd2 28. Kc3 Rxf2 29. Nd4 Rxh2 30. Nxe6 fxe6 31. Rxe6 Rb6 32. Rxb6 axb6
33. Bc4+ Kf8 34. Bd3 Ke7 35. Kb4 Kd6 36. a4 g6 0-1

[Event "Aeroflot Open B 2017"]
[Site "Moscow RUS"]
[Date "2017.02.26"]
[Round "6.17"]
[White "Gavrilov, Alexei1"]
[Black "Sargsyan, Shant"]
[Result "1/2-1/2"]
[WhiteTitle "GM"]
[BlackTitle "CM"]
[WhiteElo "2495"]
[BlackElo "2399"]
[WhiteFideId "4104358"]
[BlackFideId "13306766"]
[EventDate "2017.02.21"]

1. d4 Nf6 2. c4 g6 3. Nc3 d5 4. cxd5 Nxd5 5. e4 Nxc3 6. bxc3 Bg7 7. Qa4+ Nd7 8.
Nf3 O-O 9. Be2 c5 10. Rb1 cxd4 11. cxd4 Nb6 12. Qa3 Bg4 13. d5 e6 14. d6 Bxf3
15. Qxf3 Be5 16. Bh6 Qxd6 17. Bxf8 Rxf8 18. Qd3 Qc7 19. g3 Rd8 20. Qb3 Rd4 21.
O-O Rxe4 22. Bf3 Rc4 23. Bxb7 h5 24. Bg2 h4 25. Rbd1 Bd4 26. Qb5 hxg3 27. hxg3
e5 28. Qe8+ Kg7 29. Rd2 Qd6 30. Re2 Rc8 31. Qb5 Rc3 32. Kh2 Rc5 33. Qa6 Rc8 34.
Rb1 Rh8+ 35. Kg1 Qd7 36. Rc1 Qf5 37. Qb7 Nc8 38. Qf3 Qg5 39. Rc7 Nd6 40. Qd5 Rd8
41. Kf1 Qf5 42. Qb3 Bb6 43. Rc1 Qf6 44. Rc6 Qe7 45. Qb4 Nf5 46. Qxe7 Nxe7 47.
Rcc2 Kf6 48. Red2 Rxd2 49. Rxd2 Ke6 50. Bb7 Bd4 51. Ke2 Kd6 52. Rc2 Bb6 53. Kd3
Nf5 54. a4 Nd4 55. Ra2 Nb3 56. Kc3 Na5 57. Ba8 f5 58. Rd2+ Kc7 59. f3 Nc6 60.
Bxc6 Ba5+ 1/2-1/2

[Event "Aeroflot Open B 2017"]
[Site "Moscow RUS"]
[Date "2017.02.26"]
[Round "6.18"]
[White "Evdokimov, Alexander A."]
[Black "Savenkov, Konstantin"]
[Result "1-0"]
[WhiteTitle "GM"]
[BlackTitle "FM"]
[WhiteElo "2492"]
[BlackElo "2365"]
[WhiteFideId "4139275"]
[BlackFideId "4138600"]
[EventDate "2017.02.21"]

1. d4 Nf6 2. Nf3 g6 3. Nbd2 c5 4. dxc5 Qa5 5. a3 Qxc5 6. b4 Qc7 7. Bb2 Bg7 8. c4
d6 9. e3 O-O 10. Be2 b6 11. O-O Bb7 12. Rc1 Nbd7 13. Nb1 Rac8 14. Nc3 Qb8 15.
Qb3 e6 16. Qa4 Rfd8 17. Nb5 a6 18. Nc3 Ng4 19. Nd2 Nge5 20. Qb3 Nf6 21. Rfd1 d5
22. cxd5 Nxd5 23. Nce4 Rxc1 24. Rxc1 Ne7 25. Rd1 Qa8 26. f3 Bd5 27. Qc2 Bxe4 28.
Nxe4 Rxd1+ 29. Qxd1 Qd5 30. Qa4 b5 31. Qxa6 h6 32. Bxe5 Bxe5 33. Qxb5 Qxb5 34.
Bxb5 Nd5 35. Kf2 Nc3 36. Nxc3 Bxc3 37. Bc6 Bb2 38. a4 Bc3 39. b5 Ba5 40. Ke2 Kf8
41. Kd3 Ke7 42. Kc4 Kd6 43. Be8 Ke7 44. Bxf7 Kxf7 45. Kc5 Ke7 46. Kc6 Kd8 47.
Kb7 1-0

[Event "Aeroflot Open B 2017"]
[Site "Moscow RUS"]
[Date "2017.02.26"]
[Round "6.19"]
[White "Tran, Minh Thang"]
[Black "Deviatkin, Andrei"]
[Result "1-0"]
[WhiteTitle "FM"]
[BlackTitle "GM"]
[WhiteElo "2420"]
[BlackElo "2485"]
[WhiteFideId "12401080"]
[BlackFideId "4121260"]
[EventDate "2017.02.21"]

1. d4 c6 2. c4 d5 3. Nf3 Nf6 4. Qc2 dxc4 5. Qxc4 Bg4 6. Ng5 Qd5 7. Qb4 Qd7 8.
Qb3 e6 9. h3 Bh5 10. Nc3 h6 11. Nge4 Nxe4 12. Nxe4 Qxd4 13. Qxb7 Qxe4 14. Bd2
Qd4 15. g4 Bc5 16. e3 Qd7 17. Qxa8 O-O 18. gxh5 Na6 19. Qxf8+ Kxf8 20. Bxa6 Qd5
21. Rg1 Qxh5 22. Rc1 g6 23. Be2 Qf5 24. Rg4 Bb6 25. Bf1 Qd5 26. Rgc4 f5 27. a4
g5 28. Rxc6 f4 29. Bb4+ Kf7 30. Rxe6 Ba5 31. Rb6 Bxb4+ 32. Rxb4 Qa5 33. Rc4 f3
34. Bd3 h5 35. Kd1 Qd5 36. Kc2 Qd7 37. Be4 1-0

[Event "Aeroflot Open B 2017"]
[Site "Moscow RUS"]
[Date "2017.02.26"]
[Round "6.20"]
[White "Tsydypov, Zhamsaran"]
[Black "Chen, Qi b"]
[Result "1-0"]
[WhiteTitle "IM"]
[WhiteElo "2485"]
[BlackElo "2328"]
[WhiteFideId "4108566"]
[BlackFideId "8614733"]
[EventDate "2017.02.21"]

1. e4 c5 2. Nf3 d6 3. d4 cxd4 4. Nxd4 Nf6 5. Nc3 a6 6. h3 e6 7. g4 Be7 8. Bg2
Nfd7 9. Be3 O-O 10. Qe2 Nc6 11. O-O-O Nxd4 12. Rxd4 b5 13. f4 Bb7 14. Rhd1 Rc8
15. Kb1 Rxc3 16. bxc3 Qc7 17. R4d3 a5 18. Qd2 Rc8 19. g5 Ba6 20. Ka1 Nb6 21.
Bxb6 Qxb6 22. Rxd6 Bxd6 23. Qxd6 Qxd6 24. Rxd6 Bb7 25. Rb6 Bc6 26. Kb2 h6 27. h4
hxg5 28. hxg5 Kf8 29. Ra6 a4 30. Bf1 e5 31. fxe5 Bxe4 32. Bd3 Bd5 33. g6 Re8 34.
gxf7 Bxf7 35. Ra5 Rxe5 36. c4 g5 37. cxb5 Ke7 38. b6 Rxa5 39. b7 a3+ 40. Kc1 1-0

[Event "Aeroflot Open B 2017"]
[Site "Moscow RUS"]
[Date "2017.02.26"]
[Round "6.21"]
[White "Bakunts, Rafael"]
[Black "Atabayev, Yusup"]
[Result "1/2-1/2"]
[BlackTitle "IM"]
[WhiteElo "2386"]
[BlackElo "2475"]
[WhiteFideId "13304097"]
[BlackFideId "14001128"]
[EventDate "2017.02.21"]

1. e4 c6 2. d4 d5 3. e5 Bf5 4. Nf3 e6 5. Be2 c5 6. Be3 cxd4 7. Nxd4 Ne7 8. Nd2
Nbc6 9. N2f3 Bg4 10. O-O Bxf3 11. Nxf3 Ng6 12. c4 dxc4 13. Bxc4 Qxd1 14. Rfxd1
a6 15. Bd3 Ngxe5 16. Nxe5 Nxe5 17. Be4 Nc6 18. Rac1 Rc8 19. Rd3 f5 20. Bf3 Be7
21. Rdc3 Kf7 22. Bxc6 Rxc6 23. Rxc6 bxc6 24. Rxc6 Ra8 25. Rc7 Ke8 26. f4 Bf6 27.
b3 Kd8 28. Rc4 Rc8 29. Kf1 Rxc4 30. bxc4 Kd7 31. Ke2 e5 32. fxe5 Bxe5 33. h3 Kc6
34. Kd3 g6 35. Bf2 1/2-1/2

[Event "Aeroflot Open B 2017"]
[Site "Moscow RUS"]
[Date "2017.02.26"]
[Round "6.22"]
[White "Diermair, Andreas"]
[Black "Esenov, Annaberdi"]
[Result "1-0"]
[WhiteTitle "IM"]
[BlackTitle "FM"]
[WhiteElo "2465"]
[BlackElo "2302"]
[WhiteFideId "1612468"]
[BlackFideId "14000644"]
[EventDate "2017.02.21"]

1. d4 d5 2. c4 c6 3. Nf3 Nf6 4. e3 e6 5. b3 Ne4 6. Bd3 Qa5+ 7. Nfd2 f5 8. O-O
Be7 9. Qh5+ g6 10. Qe2 O-O 11. f3 Nf6 12. e4 Nh5 13. g3 Bf6 14. e5 Be7 15. Bb2
Qd8 16. f4 a5 17. Nf3 Ng7 18. Ba3 b6 19. Bxe7 Qxe7 20. Nc3 Rd8 21. Rac1 Na6 22.
Na4 dxc4 23. bxc4 Rb8 24. d5 Qa3 25. Nc3 Nb4 26. d6 Nxd3 27. Qxd3 Ba6 28. Rfd1
Qc5+ 29. Qd4 Qxc4 30. Qxc4 Bxc4 31. Nd4 Rbc8 32. Na4 Bd5 33. Nxb6 c5 34. Nxc8
Rxc8 35. Rxc5 Rd8 36. Nc6 Rd7 37. Ne7+ Kf7 38. Rc7 1-0

[Event "Aeroflot Open B 2017"]
[Site "Moscow RUS"]
[Date "2017.02.26"]
[Round "6.23"]
[White "Charochkina, Daria"]
[Black "Kotanjian, Tigran"]
[Result "0-1"]
[WhiteTitle "IM"]
[BlackTitle "GM"]
[WhiteElo "2383"]
[BlackElo "2464"]
[WhiteFideId "4180917"]
[BlackFideId "13301250"]
[EventDate "2017.02.21"]

1. d4 d5 2. Bf4 Nf6 3. e3 e6 4. Nd2 Bd6 5. Bg3 O-O 6. Ngf3 b6 7. Bd3 Bb7 8. O-O
Bxg3 9. hxg3 Nbd7 10. Qe2 c5 11. c3 Qc7 12. a4 e5 13. dxe5 Nxe5 14. Nxe5 Qxe5
15. a5 c4 16. Bc2 b5 17. a6 Bc6 18. Rfe1 Rfe8 19. Nf3 Qd6 20. Nd4 Rab8 21. Red1
g6 22. b4 Bd7 23. Ra5 Bg4 24. f3 Bd7 25. Raa1 h5 0-1

[Event "Aeroflot Open B 2017"]
[Site "Moscow RUS"]
[Date "2017.02.26"]
[Round "6.24"]
[White "Salman, Pavel"]
[Black "Baghdasaryan, Vahe"]
[Result "1-0"]
[WhiteTitle "FM"]
[BlackTitle "IM"]
[WhiteElo "2197"]
[BlackElo "2462"]
[WhiteFideId "24153753"]
[BlackFideId "13303139"]
[EventDate "2017.02.21"]

1. d4 e6 2. c4 b6 3. Nc3 Bb7 4. a3 f5 5. d5 Nf6 6. g3 Na6 7. Bg2 Nc5 8. Nh3 a5
9. O-O Bd6 10. Nb5 e5 11. b3 a4 12. b4 Nb3 13. Ra2 O-O 14. Rc2 Qe8 15. Be3 Ba6
16. Nxd6 cxd6 17. Bxb6 Qh5 18. f4 Ng4 19. fxe5 dxe5 20. d6 Rab8 21. Ba7 Ra8 22.
Bxa8 Qxh3 23. Qd5+ Kh8 24. Qg2 Qh6 25. Bf3 Nf6 26. b5 e4 27. bxa6 Ra8 28. Qf2
exf3 29. exf3 Ne8 30. Qb6 Qxd6 31. Qxd6 Nxd6 32. Rd1 Nc8 33. Bf2 d6 34. c5 1-0

[Event "Aeroflot Open B 2017"]
[Site "Moscow RUS"]
[Date "2017.02.26"]
[Round "6.25"]
[White "Zakhartsov, Vladimir"]
[Black "Lesovoi, Evgenij"]
[Result "1-0"]
[WhiteTitle "IM"]
[WhiteElo "2453"]
[BlackElo "2323"]
[WhiteFideId "4145097"]
[BlackFideId "24164135"]
[EventDate "2017.02.21"]

1. e4 e5 2. Nf3 d6 3. d4 exd4 4. Nxd4 Nf6 5. Nc3 Be7 6. Bf4 O-O 7. Qd2 d5 8.
Ndb5 Bb4 9. O-O-O c6 10. Nc7 Nxe4 11. Qd4 Bc5 12. Qxe4 Qxc7 13. Bxc7 dxe4 14.
Nxe4 Bb6 15. Bg3 Nd7 16. Bc4 Nc5 17. Nd6 Be6 18. Bxe6 fxe6 19. Rhe1 Rad8 20. f3
Rd7 21. b4 Na6 22. a3 Rf6 23. Nc8 Rxd1+ 24. Rxd1 Rf8 25. Nxb6 axb6 26. Rd7 Rf7
27. Rd6 h6 28. Rxe6 Nc7 29. Rd6 Kh7 30. c4 b5 31. cxb5 Nxb5 32. Rd3 Na7 33. a4
Nc8 34. Kc2 Re7 35. Bf2 Re6 36. Bc5 b6 37. Be3 Kg6 38. a5 bxa5 39. bxa5 Re7 40.
Bc5 Re5 41. Bb4 Rb5 42. Bc3 Rb7 43. Bd4 Rb4 44. Bc3 Rb7 45. Rd4 Kf7 46. Rf4+ Ke6
47. Rg4 g5 48. h4 Kf5 49. Re4 gxh4 50. Rxh4 Kg6 51. Re4 Kf7 52. Rf4+ 1-0

[Event "Aeroflot Open B 2017"]
[Site "Moscow RUS"]
[Date "2017.02.26"]
[Round "6.26"]
[White "Mikaelyan, Arman"]
[Black "Ragnarsson, Dagur"]
[Result "1/2-1/2"]
[WhiteTitle "IM"]
[BlackTitle "FM"]
[WhiteElo "2442"]
[BlackElo "2276"]
[WhiteFideId "13304852"]
[BlackFideId "2304058"]
[EventDate "2017.02.21"]

1. Nf3 d5 2. d4 e6 3. g3 f5 4. Bg2 Nf6 5. O-O Bd6 6. c4 c6 7. b3 Qe7 8. Bb2 b6
9. Nbd2 Bb7 10. Ne5 a5 11. Ndf3 Na6 12. Rc1 O-O 13. Qc2 Ne4 14. e3 a4 15. bxa4
Bxe5 16. dxe5 Nac5 17. cxd5 cxd5 18. Ba3 Qd7 19. Rb1 Rfc8 20. Bxc5 bxc5 21. Rb6
Bc6 22. Rfb1 Bxa4 23. Qc1 Bc6 24. Nd2 d4 25. Nxe4 Bxe4 26. Rd6 Qa4 27. Bxe4 fxe4
28. Rb7 Rab8 29. Re7 Qxa2 30. Rdd7 Rb1 1/2-1/2

[Event "Aeroflot Open B 2017"]
[Site "Moscow RUS"]
[Date "2017.02.26"]
[Round "6.27"]
[White "Konovalov, Nikolay"]
[Black "Kakageldyev, Amanmurad"]
[Result "1/2-1/2"]
[WhiteTitle "GM"]
[BlackTitle "IM"]
[WhiteElo "2501"]
[BlackElo "2374"]
[WhiteFideId "4170962"]
[BlackFideId "14000024"]
[EventDate "2017.02.21"]

1. d4 d5 2. c4 c6 3. Nf3 Nf6 4. Qc2 dxc4 5. e4 b5 6. b3 cxb3 7. axb3 e6 8. Bd2
Bb7 9. Bd3 Be7 10. O-O a5 11. Rc1 h6 12. Bc3 Nbd7 13. Nbd2 O-O 14. Ra2 Bb4 15.
Bxb4 axb4 16. Rxa8 Qxa8 17. e5 Nd5 18. Ne4 f5 19. exf6 N5xf6 20. Nc5 Nxc5 21.
dxc5 Qb8 22. Re1 Qf4 23. Ne5 Qd4 24. h3 Qc3 25. Re3 Qxc2 26. Bxc2 Ra8 27. Bg6
Kf8 28. Nd3 Ke7 29. Nxb4 Ra1+ 30. Kh2 Rc1 31. Nc2 Nd5 32. Rf3 Nf6 33. b4 Bc8 34.
Ra3 Bd7 35. Kg3 Rd1 36. Rd3 Rxd3+ 37. Bxd3 e5 38. f3 Nd5 39. Be4 Be8 40. h4 Kf6
41. Kf2 Bd7 42. g3 Ke6 43. Ke2 Be8 44. Kd3 g5 45. hxg5 hxg5 46. Kd2 Bd7 47. Kd3 1/2-1/2

[Event "Aeroflot Open B 2017"]
[Site "Moscow RUS"]
[Date "2017.02.26"]
[Round "6.28"]
[White "Belyakov, Bogdan"]
[Black "Sindarov, Javokhir"]
[Result "1-0"]
[WhiteTitle "IM"]
[BlackTitle "CM"]
[WhiteElo "2487"]
[BlackElo "2374"]
[WhiteFideId "24104795"]
[BlackFideId "14205483"]
[EventDate "2017.02.21"]

1. e4 d6 2. d4 Nf6 3. Nc3 Nbd7 4. Nf3 e5 5. Bc4 Be7 6. O-O O-O 7. Re1 a6 8. a4
exd4 9. Qxd4 Nb8 10. h3 Nc6 11. Qd1 Be6 12. Nd5 Nd7 13. Bf1 Nde5 14. Ra3 Kh8 15.
Nxe7 Qxe7 16. Nd4 Rad8 17. Nxc6 Nxc6 18. Rg3 f6 19. b3 Qf7 20. c4 a5 21. Bb2 b6
22. Be2 Bc8 23. Bh5 Qe7 24. Bg4 Qf7 25. f4 Nb4 26. Kh2 Bd7 27. e5 dxe5 28. fxe5
Bxg4 29. Qxg4 Nd3 30. exf6 gxf6 31. Re2 Nxb2 32. Rxb2 f5 33. Qf4 Qe7 34. Rf2 Qd6
35. Qf3 Rf6 36. Qc3 Rg8 37. Rf3 Rg6 38. Rd3 Rxg3 39. Rxg3 h6 40. c5 bxc5 41.
Qxa5 Rg6 42. Qc3+ Kh7 43. Qd3 Qe5 44. Qc3 Qd6 45. Qf3 Kg8 46. Qd3 Qe5 47. Qe3
Qxe3 48. Rxe3 Rb6 49. Rc3 f4 50. Kg1 Rb4 51. Kf2 c4 52. Rxc4 Rxb3 53. Rxf4 Ra3
54. h4 h5 55. Rc4 c6 56. g3 Kg7 57. Kg2 Kf7 58. Rc5 Rxa4 59. Rxh5 Rc4 60. Rf5+
Kg6 61. Rf4 Rc3 62. Kh3 Kh5 63. Rf5+ Kg6 64. Rg5+ Kh6 65. Re5 c5 66. h5 Rc1 67.
Kh4 c4 68. Re6+ Kh7 69. Rc6 c3 70. Kg5 Kg7 71. Rc7+ Kf8 72. h6 c2 73. h7 Rh1 74.
Kg6 1-0

[Event "Aeroflot Open B 2017"]
[Site "Moscow RUS"]
[Date "2017.02.26"]
[Round "6.29"]
[White "Vokhidov, Shamsiddin"]
[Black "Ivanov, Oleg V UKR"]
[Result "1-0"]
[WhiteTitle "IM"]
[BlackTitle "IM"]
[WhiteElo "2355"]
[BlackElo "2482"]
[WhiteFideId "14204223"]
[BlackFideId "14110709"]
[EventDate "2017.02.21"]

1. e4 c6 2. d4 d5 3. Nd2 dxe4 4. Nxe4 Nf6 5. Nxf6+ exf6 6. c3 Bd6 7. Bd3 O-O 8.
Ne2 Re8 9. O-O Qc7 10. h3 Nd7 11. Be3 Nf8 12. Qc2 Ng6 13. Rfe1 Be6 14. Bf5 Qd7
15. Bxe6 fxe6 16. Rad1 Rad8 17. c4 Bb8 18. g3 Qf7 19. b3 Rd7 20. Kg2 Red8 21.
Rd2 Bc7 22. Red1 Ba5 23. Rd3 Ne7 24. Bd2 Bb6 25. Bc3 Nf5 26. R3d2 Ne7 27. Qe4
Ng6 28. Ng1 e5 29. dxe5 Rxd2 30. Rxd2 Rxd2 31. Bxd2 Nxe5 32. Bc3 Ng6 33. Nf3 Qe7
34. Nd2 Bc5 35. Qf5 Nf8 36. Ne4 Bb6 37. Qg4 Kf7 38. h4 Nd7 39. Bb4 c5 40. Ba3
Qe6 41. Qf3 Qc6 42. Qh5+ Kg8 43. Qe8+ Nf8 44. Qxc6 bxc6 45. Bxc5 Nd7 46. Bxb6
axb6 47. Kf3 Kf7 48. Ke3 Ke6 49. b4 Ne5 50. Kd4 Nf3+ 51. Kd3 Ke5 52. Nd2 Nxd2
53. Kxd2 Kd4 54. c5 bxc5 55. bxc5 h5 56. f4 f5 57. Kc2 Kc4 58. a3 g6 59. Kb2 Kb5
60. Kc3 Ka4 61. Kb2 Kb5 62. Kb3 Ka5 63. a4 Ka6 64. Kb4 Kb7 65. Kc4 Ka6 66. Kd4
Ka5 67. Ke5 Kxa4 68. Kf6 Kb4 69. Kxg6 Kxc5 70. Kxh5 Kd5 71. Kg6 c5 72. h5 c4 73.
h6 c3 74. h7 c2 75. h8=Q c1=Q 76. Qe5+ Kc6 77. Qxf5 Qe1 78. g4 Qe8+ 79. Kg5 Kb7
80. Qd5+ Ka7 81. f5 Qe3+ 82. Kg6 Qe2 83. g5 Qc2 84. Kg7 Qc7+ 85. Qf7 Ka8 86. f6
Qa5 87. Qe8+ Ka7 88. Qe7+ Ka8 89. f7 Qc3+ 90. Qf6 Qc7 91. Kg8 Qc4 92. g6 Qb3 93.
Kh7 Qh3+ 94. Kg7 Qd7 95. Qd8+ 1-0